Global communities and hybrid cultures: early gay and lesbian electoral activism in Brazil and Mexico /

Kaydedildi:
Detaylı Bibliyografya
Yazar: Dehesa, Rafael de la
Materyal Türü: Metin
Konular:
Etiketler: Etiketle
Etiket eklenmemiş, İlk siz ekleyin!

MARC

LEADER 00000 a a2200000 04500
001 42871
003
040
100 |a Dehesa, Rafael de la  
245 |a Global communities and hybrid cultures:   |b early gay and lesbian electoral activism in Brazil and Mexico /  |c Rafael de la Dehesa  
650 |a MOVIMIENTO LESBICO GAY  
650 |a MOVILIZACION SOCIAL  
650 |a PARTIDOS POLITICOS  
650 |a ELECCIONES  
650 |a GLOBALIZACION  
650 |a BRASIL  
650 |a MEXICO  
773 |g volumen42, número1 (2007), páginas 29-51  
999 |c 25684  |d 25684